Quiz Vampire Diaries saison 7 - Statistiques

Statistiques générales
  • Ce quiz a été pris 50 fois
  • Le résultat moyen est 7 sur 10
Statistiques - réponses
Question Réponse % Correct
Avec qui Lily Salvatore partageait-elle sa vie ? Julian
95%
Qu'entend Damon pour être attiré dans le caveau ? La voix d'Elena
91%
Entre Stefan et quel original y a-t-il un crossover au milieu de la saison ? Klaus
86%
Pourquoi Stefan est-il parti à la Nouvelle-Orléans ? Pour se cacher de Rayna
81%
Quel vampire a pris possession de Stefan lorsque la pierre de phoenix a été détruite ? Un vampire tueur en série
77%
Quel personnage était responsable de la sécurité du cerceuil d'Elena ? Tyler
70%
Qui est Alexandria St John pour Enzo ? Sa cousine
63%
Qui a véritablement tué Penny par accident ? Matt
60%
Dans quelle ville Caroline et Alaric sont-ils partis s'installer avec les jumelles ? Dallas
56%
Combien y a-t-il d'hérétiques ? 6
51%
Aucun quiz correspondant
Distribution des résultats
% des personnes avec chaque résultat
Percentile par nombre de réponses
Votre historique - résultats
Vous n’avez pas pris ce quiz